Reťazec vodíkovej cesty ako paliva pre spaľovací motor - alternatívy a efektivita

Na minha lista:
Detalhes bibliográficos
Autor principal: Dacej, Milan (Author)
Outros Autores: Lešinský, Ján (Thesis advisor)
Formato: Manuscrito Livro
Idioma:eslovaco
Publicado em: 2016
Assuntos:
Acesso em linha:http://is.stuba.sk/zp/portal_zp.pl?podrobnosti=132987
Tags: Adicionar Tag
Sem tags, seja o primeiro a adicionar uma tag!

MARC

LEADER 00000ntm a22000003a 4500
001 stuzp57060
003 SK-STU
005 20160719155141.6
007 ta
008 150427s2015----xo-----f-mn---000-0-slo-d
040 |a STU  |b slo 
041 0 |a slo 
100 1 |a Dacej, Milan  |u 020030  |4 aut  |U SjF Strojnícka fakulta  |T SjF Ústav dopravnej techniky a konštruovania  |X 54987  |U J0030  |Y 806  |7 54987 
242 0 1 |a Hydrogen pathways as fuel for internal combustion engine – alternatives and efficiency  |y eng 
245 1 0 |a Reťazec vodíkovej cesty ako paliva pre spaľovací motor - alternatívy a efektivita 
260 |c 2016 
650 4 |a vodík  |2 slo 
650 4 |a palivové články  |2 slo 
650 4 |a palivá  |2 slo 
650 4 |a emisie  |2 slo 
650 4 |a hydrogen  |2 eng 
650 4 |a fuel cells  |2 eng 
650 4 |a fuels  |2 eng 
650 4 |a emissions  |2 eng 
700 1 |a Lešinský, Ján  |u 020030  |k Z1  |4 ths  |U SjF Strojnícka fakulta  |T SjF Ústav dopravnej techniky a konštruovania  |X 2459  |U J0030  |Y 806  |7 A000002459 
856 4 |u http://is.stuba.sk/zp/portal_zp.pl?podrobnosti=132987 
996 |b 284J044897  |c J* 2527/BP  |l JJSK  |s A  |a 24  |w stuzp57060_0001 
SQL |a stuzp57060  |b DBP  |c SLO  |d Reťazec vodíkovej cesty ako paliva pre spaľovací motor - alternatívy a efektivita  |e 54987  |f Dacej, Milan  |g 020030  |h 2459  |i Lešinský, Ján  |j 20160614  |k 1125  |l 02  |m http://is.stuba.sk/zp/portal_zp.pl?podrobnosti=132987  |n B-AMPS  |o 5.2.3. dopravné stroje a zariadenia